[Event "24th ch-EUR Indiv w 2024"]
[Site "Rhodes GRE"]
[Date "2024.04.23"]
[Round "5.81"]
[White "Stefanidi, Maria-Anna"]
[Black "Popadyuk, Olga"]
[Result "1-0"]
[WhiteTitle "WFM"]
[WhiteElo "1944"]
[BlackElo "1633"]
[WhiteFideId "4207750"]
[BlackFideId "14176246"]
[EventDate "2024.04.19"]

1. d4 Nf6 2. c4 g6 3. Nc3 Bg7 4. e4 d6 5. f3 O-O 6. Be3 c6 7. Qd2 Qc7 8. g4 e5
9. d5 Nbd7 10. h4 h5 11. gxh5 Nxh5 12. Nge2 a5 13. O-O-O b5 14. dxc6 Qxc6 15.
cxb5 Qb7 16. Qxd6 Ndf6 17. Kb1 a4 18. Qc6 Qb8 19. Nc1 Bb7 20. Qb6 a3 21. Bc5 Rc8
22. b4 Rc7 23. Bh3 Nf4 24. Bg4 Nxg4 25. fxg4 Ne6 26. h5 Bf8 27. hxg6 Nxc5 28.
bxc5 Bc6 29. gxf7+ Kg7 30. bxc6 Qc8 31. Nb3 Rxc6 32. Qb5 Rxc5 33. Qb6 Ra6 34.
Qd8 Rxc3 35. Qg5+ Kxf7 36. Rhf1+ Ke8 37. Qh5+ Ke7 38. Qf7# 1-0

[Event "24th ch-EUR Indiv w 2024"]
[Site "Rhodes GRE"]
[Date "2024.04.23"]
[Round "5.82"]
[White "Recica, Jona"]
[Black "Mihailidou, Magdalini"]
[Result "1/2-1/2"]
[WhiteElo "1641"]
[BlackElo "1915"]
[WhiteFideId "22105239"]
[BlackFideId "25801236"]
[EventDate "2024.04.19"]

1. e4 e5 2. Nf3 Nc6 3. d4 exd4 4. Bc4 Bc5 5. Ng5 Nh6 6. Nxf7 Nxf7 7. Bxf7+ Kxf7
8. Qh5+ g6 9. Qxc5 d6 10. Qc4+ Be6 11. Qe2 Ne5 12. b3 Re8 13. O-O Qh4 14. f4 Ng4
15. g3 Qh5 16. Qg2 Ne3 17. Bxe3 Bh3 18. Qf3 Bxf1 19. Qxh5 gxh5 20. Kxf1 dxe3 21.
Nc3 Rg8 22. Ke2 h4 23. Rg1 Rg4 24. Kxe3 Rag8 25. Kf3 hxg3 26. hxg3 c6 27. Ne2 h5
28. Rh1 Kg6 29. Rd1 Rd8 30. e5 d5 31. Nd4 Rg8 32. Rg1 c5 33. Nb5 Kh7 34. Nd6 b6
35. e6 R4g7 36. Nf5 Rg6 37. Ne7 Rxe6 38. Nxg8 Kxg8 39. Rh1 Rh6 40. f5 a5 41. Kf4
Rh7 42. Kg5 Rg7+ 43. Kf4 Rg4+ 44. Kf3 Rg5 45. Kf4 Rg4+ 46. Kf3 1/2-1/2

[Event "24th ch-EUR Indiv w 2024"]
[Site "Rhodes GRE"]
[Date "2024.04.23"]
[Round "5.83"]
[White "Gajcin, Jasmina"]
[Black "Korinioti, Myrto"]
[Result "1-0"]
[WhiteTitle "WCM"]
[WhiteElo "1908"]
[BlackElo "1457"]
[WhiteFideId "939030"]
[BlackFideId "42153743"]
[EventDate "2024.04.19"]

1. e4 c5 2. Nf3 e6 3. c4 Nc6 4. Nc3 Nge7 5. Be2 d5 6. exd5 exd5 7. d4 dxc4 8. d5
Na5 9. O-O Nf5 10. Ne5 Nd6 11. Qa4+ Bd7 12. Nxd7 Qxd7 13. Qxa5 b6 14. Qa4 Qxa4
15. Nxa4 Be7 16. Bf3 O-O 17. Bf4 Rad8 18. Nc3 Nf5 19. Rfe1 Rfe8 20. Nb5 Bf6 21.
Rxe8+ Rxe8 22. d6 a6 23. d7 Rd8 24. Re1 Kf8 25. Nd6 Ne7 26. Bg4 b5 27. Nb7 Rb8
28. Bxb8 1-0

[Event "24th ch-EUR Indiv w 2024"]
[Site "Rhodes GRE"]
[Date "2024.04.23"]
[Round "5.84"]
[White "Androni, Konstantina"]
[Black "Chasouraki, Chrysi"]
[Result "1/2-1/2"]
[WhiteElo "1977"]
[BlackElo "1827"]
[WhiteFideId "4215362"]
[BlackFideId "25861123"]
[EventDate "2024.04.19"]

1. d4 d5 2. c4 e6 3. Nf3 Nf6 4. Nc3 a6 5. e3 b6 6. b3 Bd6 7. Bd3 Bb7 8. O-O O-O
9. Bb2 Nbd7 10. Qe2 Ne4 11. Nd2 f5 12. f4 Rf6 13. Nf3 Rh6 14. Rad1 Qe8 15. Bxe4
fxe4 16. Ne5 b5 17. c5 Bxe5 18. fxe5 b4 19. Nb1 a5 20. Rf2 Ba6 21. Qe1 Qh5 22.
h3 Qg5 23. Kh1 c6 24. a3 1/2-1/2

[Event "24th ch-EUR Indiv w 2024"]
[Site "Rhodes GRE"]
[Date "2024.04.23"]
[Round "5.85"]
[White "Stefan, Iulia-Cristiana"]
[Black "Aliu, Arlinda"]
[Result "1-0"]
[WhiteElo "1938"]
[BlackElo "1813"]
[WhiteFideId "1273876"]
[BlackFideId "22101292"]
[EventDate "2024.04.19"]

1. d4 f5 2. Nf3 Nf6 3. Bf4 e6 4. e3 Be7 5. h3 b6 6. Be2 Bb7 7. O-O O-O 8. c4 d6
9. Nc3 Ne4 10. Nxe4 Bxe4 11. Bh2 Nd7 12. Qb3 h6 13. Rac1 Rf6 14. Rfd1 Qe8 15.
Ne1 Rd8 16. d5 Nc5 17. Qa3 f4 18. Bxf4 e5 19. Bg3 a5 20. Qc3 Qg6 21. Nd3 Nxd3
22. Bxd3 Rdf8 23. Bxe4 Qxe4 24. Qc2 Qf5 25. Qxf5 Rxf5 26. f4 exf4 27. Bxf4 g5
28. Bg3 Bf6 29. e4 Be5 30. exf5 Bxg3 31. Rf1 Kg7 32. Rf3 Be5 33. b3 Bd4+ 34. Kf1
Kf6 35. Re1 Be5 36. Ke2 h5 37. Kd3 g4 38. hxg4 hxg4 39. Rff1 Kg5 40. f6 Rxf6 41.
Rxe5+ dxe5 42. Rxf6 Kxf6 43. Ke4 Kg5 44. Kxe5 Kh4 45. Kf4 1-0

[Event "24th ch-EUR Indiv w 2024"]
[Site "Rhodes GRE"]
[Date "2024.04.23"]
[Round "5.88"]
[White "Sanchez Ruiz, Piedad Esmeralda"]
[Black "Harmsen, Jessica"]
[Result "0-1"]
[BlackTitle "WIM"]
[WhiteElo "1806"]
[BlackElo "2102"]
[WhiteFideId "2286912"]
[BlackFideId "1001612"]
[EventDate "2024.04.19"]

1. e4 e6 2. d4 d5 3. e5 c5 4. c3 Nc6 5. Nf3 Qb6 6. Be2 cxd4 7. cxd4 Nge7 8. Na3
Nf5 9. Nc2 h5 10. O-O Be7 11. b3 Bd7 12. Bb2 g5 13. Ne3 g4 14. Nxf5 exf5 15. Ne1
O-O-O 16. f4 Kb8 17. Nc2 f6 18. Kh1 Be6 19. Qd2 h4 20. Bc3 fxe5 21. fxe5 Rdg8
22. b4 Bg5 23. Qd3 Qd8 24. a4 Ne7 25. Bd2 Ng6 26. Ne1 f4 0-1

[Event "24th ch-EUR Indiv w 2024"]
[Site "Rhodes GRE"]
[Date "2024.04.25"]
[Round "6.1"]
[White "Fataliyeva, Ulviyya"]
[Black "Piddubna, Bozhena"]
[Result "1-0"]
[WhiteTitle "IM"]
[BlackTitle "WCM"]
[WhiteElo "2377"]
[BlackElo "2005"]
[WhiteFideId "13403052"]
[BlackFideId "34109293"]
[EventDate "2024.04.19"]

1. d4 Nf6 2. Nf3 e6 3. c4 Bb4+ 4. Bd2 Bxd2+ 5. Nfxd2 b6 6. e4 Bb7 7. e5 Ne4 8.
Nxe4 Bxe4 9. Nc3 Bg6 10. h4 h6 11. Rh3 Nc6 12. f4 h5 13. Bd3 Bxd3 14. Qxd3 Ne7
15. d5 Nf5 16. O-O-O Qe7 17. Nb5 Qd8 18. Qe2 a6 19. Nc3 Qe7 20. Kb1 Rd8 21. Ne4
d6 22. dxe6 Qxe6 23. Rhd3 Kf8 24. c5 bxc5 25. Nxc5 Qe7 26. Nxa6 g6 27. Qc2 Kg7
28. Qxc7 Qxh4 29. Nc5 Rhe8 30. exd6 Rc8 31. d7 Rxc7 32. dxe8=Q Rxc5 33. Rd8 Kf6
34. Qh8+ Ke6 35. Re8+ 1-0

[Event "24th ch-EUR Indiv w 2024"]
[Site "Rhodes GRE"]
[Date "2024.04.25"]
[Round "6.2"]
[White "Javakhishvili, Lela"]
[Black "Garcia Martin, Marta"]
[Result "1-0"]
[WhiteTitle "IM"]
[BlackTitle "IM"]
[WhiteElo "2447"]
[BlackElo "2349"]
[WhiteFideId "13601458"]
[BlackFideId "32084030"]
[EventDate "2024.04.19"]

1. d4 Nf6 2. c4 g6 3. Nc3 d5 4. cxd5 Nxd5 5. e4 Nxc3 6. bxc3 Bg7 7. Nf3 c5 8.
Bb5+ Nc6 9. d5 Qa5 10. Rb1 Bxc3+ 11. Bd2 a6 12. Ba4 b5 13. dxc6 Bxd2+ 14. Nxd2
bxa4 15. O-O Be6 16. f4 Rd8 17. f5 gxf5 18. exf5 Bxa2 19. Rb7 O-O 20. f6 exf6
21. Qg4+ Kh8 22. Ne4 Rg8 23. Qh4 Rg6 24. Nxf6 h6 25. Qe4 Be6 26. Qxg6 1-0

[Event "24th ch-EUR Indiv w 2024"]
[Site "Rhodes GRE"]
[Date "2024.04.25"]
[Round "6.3"]
[White "Ushenina, Anna"]
[Black "Brunello, Marina"]
[Result "0-1"]
[WhiteTitle "GM"]
[BlackTitle "IM"]
[WhiteElo "2418"]
[BlackElo "2353"]
[WhiteFideId "14110911"]
[BlackFideId "822590"]
[EventDate "2024.04.19"]

1. Nf3 Nf6 2. c4 b6 3. g3 e6 4. Bg2 Bb7 5. O-O Be7 6. d4 c6 7. Nc3 d5 8. Nd2 O-O
9. e4 dxc4 10. Nxc4 Ba6 11. b3 b5 12. Ne3 b4 13. Ne2 Bxe2 14. Qxe2 Qxd4 15. Bb2
Qb6 16. Rac1 Nbd7 17. Rc2 Rfc8 18. Rfc1 Qb7 19. f4 a5 20. g4 Qa7 21. Kh1 Bc5 22.
Nc4 Bd4 23. Bxd4 Qxd4 24. Rd2 Qa7 25. g5 Ne8 26. f5 Nf8 27. Ne5 Qa6 28. Qxa6
Rxa6 29. Bf1 Rb6 30. Rc5 f6 31. Nd7 Nxd7 32. Rxd7 exf5 33. Rxa5 fxe4 34. h4 Rc7
35. Bc4+ Kf8 36. Ra7 Rxa7 37. Rxa7 Nd6 38. Ra8+ Ke7 39. Rh8 Nxc4 40. bxc4 fxg5
41. hxg5 Ra6 42. Rxh7 Kf7 43. Rh2 Kg6 44. c5 b3 45. axb3 Ra1+ 46. Kg2 Ra2+ 47.
Kg3 Rxh2 48. Kxh2 Kxg5 49. Kg3 Kf5 50. Kf2 Ke5 51. Ke3 0-1

[Event "24th ch-EUR Indiv w 2024"]
[Site "Rhodes GRE"]
[Date "2024.04.25"]
[Round "6.4"]
[White "Beydullayeva, Govhar"]
[Black "Kulon, Klaudia"]
[Result "1-0"]
[WhiteTitle "WGM"]
[BlackTitle "IM"]
[WhiteElo "2402"]
[BlackElo "2348"]
[WhiteFideId "13413015"]
[BlackFideId "1131044"]
[EventDate "2024.04.19"]

1. d4 Nf6 2. c4 e6 3. Nf3 d5 4. Nc3 Ne4 5. cxd5 exd5 6. Qb3 Nxc3 7. bxc3 Be7 8.
Bf4 O-O 9. e3 b6 10. Bd3 a5 11. Qc2 h6 12. h4 Re8 13. Bh7+ Kf8 14. h5 Bf6 15.
Kf1 c5 16. Bf5 Kg8 17. g4 Nc6 18. Rg1 cxd4 19. cxd4 Nb4 20. Qb1 Bxf5 21. Qxf5
Qc8 22. Bxh6 Qxf5 23. gxf5 Kh7 24. Bg5 Rac8 25. h6 Rc2 26. hxg7 Bxg5 27. Nxg5+
Kxg7 28. Ne4+ Kf8 29. Nf6 Rd8 30. Rg8+ Ke7 31. Rxd8 Kxd8 32. a3 Nd3 33. Nxd5
Rxf2+ 34. Kg1 Rxf5 35. Nxb6 Kc7 36. Nc4 Kc6 37. Rb1 Rb5 38. Rb3 Rxb3 39. Nxa5+
Kd5 40. Nxb3 f5 41. Kf1 f4 42. Ke2 Nb2 43. exf4 Ke4 44. f5 Kxf5 45. Nc5 Kf6 46.
a4 Ke7 47. Kd2 Nc4+ 48. Kc3 Na5 49. Kb4 Nc6+ 50. Kc4 Kd6 51. Ne4+ Kc7 52. d5 Na7
53. Kc5 Kb7 54. Nd6+ Ka6 55. Nc4 Kb7 56. a5 Kc7 57. d6+ Kb7 58. Ne5 Kc8 59. Kb6 1-0

[Event "24th ch-EUR Indiv w 2024"]
[Site "Rhodes GRE"]
[Date "2024.04.25"]
[Round "6.5"]
[White "Sliwicka, Alicja"]
[Black "Narva, Mai"]
[Result "1-0"]
[WhiteTitle "WIM"]
[BlackTitle "IM"]
[WhiteElo "2315"]
[BlackElo "2401"]
[WhiteFideId "1150677"]
[BlackFideId "4500512"]
[EventDate "2024.04.19"]

1. e4 g6 2. d4 Bg7 3. Nc3 d6 4. Be3 a6 5. g4 b5 6. Bg2 Bb7 7. g5 Nd7 8. h4 c5 9.
h5 cxd4 10. Bxd4 e5 11. Be3 Nb6 12. Qd3 Nc4 13. O-O-O Qa5 14. Kb1 Ne7 15. h6 Bf8
16. f4 Nc6 17. Nd5 Nb4 18. Nxb4 Qxb4 19. Bc1 O-O-O 20. c3 Qc5 21. b3 Na3+ 22.
Kb2 Qf2+ 23. Qe2 Qxe2+ 24. Nxe2 b4 25. cxb4 Nb5 26. Be3 exf4 27. Nxf4 Be7 28.
Nd5 Bxd5 29. exd5 f5 30. a4 Nc7 31. Rc1 Kd7 32. Bf4 Rb8 33. Ka3 Rb7 34. Rhd1
Rhb8 35. Rd4 Kd8 36. Bf1 Rb6 37. Bd2 Kd7 38. Bd3 Rf8 39. Be3 Rb7 40. Be2 Rfb8
41. Bf3 Kd8 42. Rc6 Kd7 43. Rdc4 Bd8 44. Bd2 Be7 45. Kb2 Re8 46. Kc2 Bd8 47.
Rxd6+ Kxd6 48. Bf4+ Kd7 49. d6 Nd5 50. Bxd5 Rb6 51. b5 axb5 52. axb5 Re2+ 53.
Kd3 Re1 54. Bc6+ Ke6 55. Ra4 Rd1+ 56. Ke2 Rxd6 57. Bxd6 Kxd6 58. Rd4+ Kc7 59.
Rd7+ Kc8 60. Rxh7 1-0

[Event "24th ch-EUR Indiv w 2024"]
[Site "Rhodes GRE"]
[Date "2024.04.25"]
[Round "6.6"]
[White "Bulmaga, Irina"]
[Black "Wikar, Martyna"]
[Result "1/2-1/2"]
[WhiteTitle "IM"]
[BlackTitle "WIM"]
[WhiteElo "2394"]
[BlackElo "2214"]
[WhiteFideId "13903063"]
[BlackFideId "21807663"]
[EventDate "2024.04.19"]

1. e4 c5 2. Nf3 Nc6 3. Bb5 e6 4. O-O Nge7 5. Re1 Ng6 6. c3 a6 7. Bf1 d6 8. d4
cxd4 9. cxd4 e5 10. d5 Nb8 11. Be3 Be7 12. Nbd2 Nd7 13. g3 O-O 14. b4 Nf6 15.
Nc4 Ng4 16. Bb6 Qd7 17. h3 Nh6 18. Be3 Bd8 19. Nb6 Bxb6 20. Bxb6 f5 21. exf5
Qxf5 22. Nd2 Nf7 23. h4 Ne7 24. Ne4 Qg6 25. Bg2 Bg4 26. Qd2 Rac8 27. Rac1 Qf5
28. Qd3 Rxc1 29. Rxc1 Rc8 30. Rc4 Rxc4 31. Qxc4 Bf3 32. Bxf3 Qxf3 33. Qc7 Qxe4
34. Qb8+ Nd8 35. Bxd8 Nxd5 36. Bg5+ Kf7 37. Qxb7+ Kg6 38. Qxa6 h6 39. Qxd6+ Kh7
40. Be7 Nc3 41. h5 Ne2+ 42. Kf1 Qf3 43. Qg6+ Kh8 44. Bf8 Qxf8 45. Kxe2 Qxb4 46.
Qe8+ Kh7 47. Qg6+ Kh8 48. Qe8+ Kh7 49. Qxe5 Qc4+ 50. Ke3 Qxa2 51. f3 Qa3+ 52.
Kf4 Qc1+ 53. Kg4 Qd1 54. Qe4+ Kh8 55. Qe5 Kh7 56. Kf4 Qd2+ 57. Qe3 Qd6+ 58. Kg4
Qd7+ 59. Kh4 Qd8+ 60. Kh3 Qd7+ 61. Kg2 Qd1 62. g4 Kh8 63. Kg3 Qf1 64. Qf2 Qd3
65. Kg2 Qd1 66. Qe3 Qc2+ 67. Kg3 Qd1 68. f4 Qh1 69. Qf3 Qg1+ 70. Kh3 Kh7 71.
Qe4+ Kh8 72. Qg2 Qe3+ 73. Qg3 Qe4 74. Qf2 Qh1+ 75. Kg3 Qd1 76. Qe3 Kh7 77. Qe4+
Kh8 78. Qe8+ Kh7 79. Qc6 Qg1+ 80. Qg2 Qe3+ 81. Qf3 Qg1+ 82. Kh3 Kh8 83. Qe2 Qh1+
84. Kg3 Qg1+ 85. Kf3 Qh1+ 86. Ke3 Qc1+ 87. Ke4 Qc6+ 88. Ke3 Qc1+ 89. Kf3 Qh1+
90. Qg2 Qd1+ 91. Kg3 Qe1+ 92. Qf2 Qd1 93. Qe3 Kh7 94. f5 Qd6+ 95. Kh3 Qc6 96.
Qd3 Kh8 97. Qe2 Kh7 98. Qd3 Kh8 99. Kg3 Qc7+ 100. Kf3 Qc6+ 101. Kf4 Qc7+ 102.
Ke4 Qe7+ 103. Kf3 Qb7+ 104. Qe4 Qb3+ 105. Kf4 Qb2 106. Qd3 Qb4+ 107. Kf3 Qb7+
108. Kg3 Qb6 109. Qd2 Qc7+ 110. Kh3 Qc6 111. Qe3 Kh7 112. Qd3 Kh8 113. Kg3 Qc7+
114. Kg2 Qc6+ 115. Kf2 Qc5+ 116. Ke2 Qb6 117. Qc4 Qd6 118. Ke3 Qg3+ 119. Kd2
Qf2+ 120. Kc3 Qe3+ 121. Kb4 Qb6+ 122. Ka4 Qa7+ 123. Kb5 Qb7+ 124. Kc5 Qc7+ 125.
Kd5 Qd7+ 126. Ke5 Qe7+ 127. Kd5 Qd7+ 128. Ke4 Qb7+ 129. Kf4 Qb8+ 130. Kf3 Qb7+
131. Qe4 Qb3+ 132. Kg2 Qb2+ 133. Kg3 Qc3+ 134. Kf4 Qc7+ 135. Ke3 Qc3+ 136. Qd3
Qc5+ 137. Kf3 Qc6+ 138. Kg3 1/2-1/2

[Event "24th ch-EUR Indiv w 2024"]
[Site "Rhodes GRE"]
[Date "2024.04.25"]
[Round "6.7"]
[White "Babiy, Olga"]
[Black "Maltsevskaya, Aleksandra"]
[Result "0-1"]
[WhiteTitle "WGM"]
[BlackTitle "IM"]
[WhiteElo "2306"]
[BlackElo "2393"]
[WhiteFideId "14117258"]
[BlackFideId "24174041"]
[EventDate "2024.04.19"]

1. e4 c6 2. d4 d5 3. e5 Bf5 4. Nf3 e6 5. Be2 c5 6. Be3 cxd4 7. Nxd4 Ne7 8. c4
Nbc6 9. Qa4 Qd7 10. Nb5 Nc8 11. cxd5 Bb4+ 12. N1c3 exd5 13. O-O-O O-O 14. f4 Nb6
15. Qb3 Qe7 16. Bd3 Bg4 17. Bxb6 Bxd1 18. Rxd1 Bxc3 19. Nxc3 axb6 20. Nxd5 Qc5+
21. Kb1 Rfd8 22. Be4 h6 23. a3 Rac8 24. Rd3 Kf8 25. Qd1 Ne7 26. f5 Nxd5 27. Bxd5
Qf2 28. g4 Qf4 29. e6 Rc5 30. e7+ Kxe7 31. Qe2+ Kf6 32. Bb3 Re5 33. g5+ hxg5 34.
Qh5 Rf8 35. Ka2 Rxf5 36. Rd7 g4 37. Rxf7+ Rxf7 38. Qxf7+ Kg5 39. Qxg7+ Kh4 40.
Qxb7 Rf6 41. Qh7+ Rh6 42. Qe7+ Kh3 43. Qe2 Rd6 44. Be6 Rd4 45. Bc8 Qe4 46. Qf2
Qd5+ 0-1

[Event "24th ch-EUR Indiv w 2024"]
[Site "Rhodes GRE"]
[Date "2024.04.25"]
[Round "6.8"]
[White "Zimina, Olga"]
[Black "Milliet, Sophie"]
[Result "1-0"]
[WhiteTitle "IM"]
[BlackTitle "IM"]
[WhiteElo "2299"]
[BlackElo "2392"]
[WhiteFideId "4132190"]
[BlackFideId "623725"]
[EventDate "2024.04.19"]

1. Nf3 d5 2. d4 Nf6 3. g3 c5 4. c4 dxc4 5. Qa4+ Nc6 6. dxc5 e5 7. Bg2 Bd7 8.
Qxc4 Qa5+ 9. Bd2 Qxc5 10. Na3 Qxc4 11. Nxc4 Ne4 12. O-O Nxd2 13. Nfxd2 O-O-O 14.
Ne4 Bg4 15. Ng5 Bxe2 16. Rfc1 Bxc4 17. Rxc4 Rd4 18. Rxd4 exd4 19. Nxf7 Rg8 20.
Bd5 Kc7 21. Rc1 d3 22. Ne5 d2 23. Rd1 Rh8 24. Bxc6 bxc6 25. Rxd2 g6 26. Rd7+ Kb6
27. Nf7 Rg8 28. Rd8 Kc7 29. Kg2 g5 30. g4 a5 31. a4 Kb6 32. b3 Kc7 33. Kf1 Kb6
34. Ke2 Kc7 35. Kd3 Kb6 36. Kc4 Kc7 37. h3 Kb6 38. f3 Kc7 39. Kd3 Kb6 40. Ke4
Kb7 41. Kf5 Kc7 42. Ra8 h6 43. Ne5 1-0

[Event "24th ch-EUR Indiv w 2024"]
[Site "Rhodes GRE"]
[Date "2024.04.25"]
[Round "6.9"]
[White "Hryzlova, Sofiia"]
[Black "Daulyte-Cornette, Deimante"]
[Result "0-1"]
[WhiteTitle "WIM"]
[BlackTitle "IM"]
[WhiteElo "2251"]
[BlackElo "2381"]
[WhiteFideId "14174669"]
[BlackFideId "12802859"]
[EventDate "2024.04.19"]

1. Nf3 Nf6 2. c4 e6 3. g3 d5 4. Bg2 d4 5. d3 Nc6 6. O-O Bc5 7. Nbd2 a5 8. Nb3
Be7 9. a4 O-O 10. e3 dxe3 11. Bxe3 Ng4 12. Bc5 Bxc5 13. Nxc5 e5 14. Re1 Qd6 15.
Ne4 Qh6 16. h3 Nf6 17. d4 exd4 18. Nxd4 Rd8 19. Nxf6+ Qxf6 20. Qe2 Bg4 21. Qxg4
Nxd4 22. Rad1 c6 23. Re3 g6 24. Red3 Ne6 25. Qe2 Rxd3 26. Rxd3 Rd8 27. Rxd8+
Qxd8 28. Qe5 Qd1+ 29. Kh2 Qd4 30. Qb8+ Kg7 31. Qxb7 Qxf2 32. Qb8 Qe2 33. b4 g5
34. Qd6 axb4 35. Qxb4 Nd4 36. Qc3 Qf2 37. a5 f6 38. a6 Ne2 39. Qa1 Qxg3+ 40. Kh1
Nf4 41. Qb2 Qe1+ 42. Kh2 Ne2 43. Qb6 Qg3+ 44. Kh1 g4 45. Qb4 Qe3 46. Qb1 gxh3
47. Be4 Kh6 48. a7 h2 0-1

[Event "24th ch-EUR Indiv w 2024"]
[Site "Rhodes GRE"]
[Date "2024.04.25"]
[Round "6.10"]
[White "Krasteva, Beloslava"]
[Black "Hejazipour, Mitra"]
[Result "1-0"]
[WhiteTitle "FM"]
[BlackTitle "WGM"]
[WhiteElo "2220"]
[BlackElo "2376"]
[WhiteFideId "2922029"]
[BlackFideId "12505951"]
[EventDate "2024.04.19"]

1. d4 d5 2. c4 dxc4 3. Nf3 e6 4. e3 a6 5. Bxc4 b5 6. Bd3 Bb7 7. a4 b4 8. O-O Nf6
9. b3 Nbd7 10. Bb2 c5 11. Nbd2 cxd4 12. Nxd4 Bc5 13. Be2 O-O 14. Bf3 Nd5 15. Nc4
N7f6 16. Qc2 Rc8 17. Rfd1 Qe7 18. Rac1 Ba8 19. Qb1 Ba7 20. Na5 Bxd4 21. Rxd4
Rxc1+ 22. Qxc1 e5 23. Rc4 Rd8 24. Nc6 Bxc6 25. Rxc6 a5 26. h3 e4 27. Be2 h6 28.
Qc5 Qd7 29. Bd4 Nf4 30. Bc4 Ne6 31. Bxe6 fxe6 32. Qxa5 Nd5 33. Rxe6 Nc3 34. Qe5
Nd5 35. Rg6 1-0

[Event "24th ch-EUR Indiv w 2024"]
[Site "Rhodes GRE"]
[Date "2024.04.25"]
[Round "6.11"]
[White "Mammadova, Gulnar"]
[Black "Efroimski, Marsel"]
[Result "0-1"]
[WhiteTitle "IM"]
[BlackTitle "IM"]
[WhiteElo "2352"]
[BlackElo "2457"]
[WhiteFideId "13403508"]
[BlackFideId "2810964"]
[EventDate "2024.04.19"]

1. e4 c5 2. Nf3 e6 3. d4 cxd4 4. Nxd4 Nc6 5. Nc3 Qc7 6. f4 a6 7. Nxc6 Qxc6 8.
Bd3 b5 9. Qe2 Bb7 10. Bd2 Rc8 11. a3 Nf6 12. e5 Nd5 13. Ne4 Be7 14. O-O f5 15.
exf6 Nxf6 16. Ng5 O-O 17. Kh1 h6 18. Nf3 Bd6 19. Rae1 Qd5 20. Ne5 Bxe5 21. fxe5
Ne4 22. Bf4 g5 23. Bg3 Rxf1+ 24. Rxf1 Rf8 25. Rxf8+ Kxf8 26. Qf3+ Kg8 27. h4
gxh4 28. Qg4+ Ng5 29. Bxh4 Qxe5 30. Qh5 Nf7 31. Qg6+ Qg7 32. Bf6 Qxg6 33. Bxg6
Nd6 34. Be7 Nc4 35. Bf6 Ne3 36. Kg1 Nxg2 37. Be8 Ne3 38. c3 Bc6 39. Bh5 Nc4 40.
b3 Nd2 41. b4 Nc4 42. Kf2 Nxa3 43. Ke3 Nc4+ 44. Kf4 d6 45. Bg6 Nb6 46. Kg4 Nd5
47. Bd4 e5 48. Ba7 Kg7 49. Bd3 Kf6 0-1

[Event "24th ch-EUR Indiv w 2024"]
[Site "Rhodes GRE"]
[Date "2024.04.25"]
[Round "6.12"]
[White "Zherebtsova, Alexandra"]
[Black "Wagner, Dinara"]
[Result "0-1"]
[WhiteTitle "WFM"]
[BlackTitle "IM"]
[WhiteElo "2302"]
[BlackElo "2453"]
[WhiteFideId "24129518"]
[BlackFideId "24157570"]
[EventDate "2024.04.19"]

1. d4 Nf6 2. c4 e6 3. Nc3 Bb4 4. f3 d5 5. a3 Bxc3+ 6. bxc3 c6 7. e4 dxe4 8. fxe4
e5 9. Nf3 Bg4 10. Qd3 Bxf3 11. gxf3 Nh5 12. Be3 Nd7 13. Ra2 Qf6 14. Rf2 O-O 15.
Bh3 Rad8 16. O-O Nf4 17. Bxf4 Qxf4 18. Bxd7 Rxd7 19. Qd2 Qh4 20. f4 exd4 21.
cxd4 Rfd8 22. d5 cxd5 23. exd5 b5 24. cxb5 Rxd5 25. Qe3 Rxb5 26. Qxa7 Qf6 27.
Qe3 h6 28. Qe4 Ra5 29. Qb4 Rda8 30. Rf3 Ra4 31. Qc5 Qa6 32. Re1 Qg6+ 33. Kh1
R4a5 34. Qc1 Qd6 35. Kg1 Rxa3 36. Rxa3 Rxa3 37. Qc8+ Kh7 38. Qf5+ Qg6+ 39. Qxg6+
Kxg6 40. Kg2 Kf6 41. Rb1 Ra6 42. Rb5 g5 43. fxg5+ hxg5 44. Rb4 Kf5 45. h3 f6 46.
Rc4 Ra2+ 47. Kg3 Ra3+ 48. Kg2 Re3 49. Ra4 Re4 50. Ra6 Rd4 51. Rb6 Ke5 52. Kf3
Rd3+ 53. Kg4 Rd4+ 54. Kf3 f5 55. Rg6 Rd3+ 56. Ke2 Rg3 57. Rh6 Kf4 58. Rh5 Rg2+
59. Kf1 Ra2 60. Kg1 Rc2 61. Kh1 g4 62. Kg1 Kg3 63. Kf1 f4 64. hxg4 f3 65. Re5
Rc1+ 66. Re1 Rxe1+ 67. Kxe1 Kg2 0-1

[Event "24th ch-EUR Indiv w 2024"]
[Site "Rhodes GRE"]
[Date "2024.04.25"]
[Round "6.13"]
[White "Batsiashvili, Nino"]
[Black "Klek, Hanna Marie"]
[Result "1-0"]
[WhiteTitle "GM"]
[BlackTitle "WGM"]
[WhiteElo "2445"]
[BlackElo "2294"]
[WhiteFideId "13602993"]
[BlackFideId "24670057"]
[EventDate "2024.04.19"]

1. d4 d5 2. c4 e6 3. Nc3 c5 4. e3 dxc4 5. Bxc4 a6 6. Be2 Nf6 7. Nf3 b5 8. O-O
Bb7 9. b3 Nbd7 10. Bb2 Bd6 11. dxc5 Bxc5 12. Ng5 h6 13. Nh3 e5 14. Bf3 e4 15.
Be2 Qe7 16. Nf4 Nb6 17. Nh5 Rd8 18. Nxf6+ Qxf6 19. Qc2 Qe7 20. Rfd1 O-O 21. a4
bxa4 22. Nxa4 Nxa4 23. Rxa4 Rxd1+ 24. Qxd1 Rd8 25. Qe1 f6 26. h4 Rd6 27. Qc3 Rb6
28. Rc4 Bd6 29. Qc2 Kh7 30. Bd4 Rb4 31. Rc3 Qe6 32. Bc4 Qg4 33. g3 Qd7 34. Qa2
Qg4 35. Rc1 f5 36. Qd2 Qg6 37. Rd1 Be7 38. Ra1 Bc8 39. Ra5 Rb8 40. Ba7 Bb4 41.
Qd8 Qf6 42. Qg8+ Kg6 43. Qe8+ 1-0

[Event "24th ch-EUR Indiv w 2024"]
[Site "Rhodes GRE"]
[Date "2024.04.25"]
[Round "6.14"]
[White "Rudzinska, Michalina"]
[Black "Mammadzada, Gunay"]
[Result "0-1"]
[WhiteTitle "WIM"]
[BlackTitle "IM"]
[WhiteElo "2302"]
[BlackElo "2436"]
[WhiteFideId "1172883"]
[BlackFideId "13403729"]
[EventDate "2024.04.19"]

1. e4 e5 2. Nf3 Nc6 3. d4 exd4 4. Nxd4 Nf6 5. Nxc6 bxc6 6. Bd3 d5 7. exd5 cxd5
8. O-O Be7 9. c4 O-O 10. Nc3 d4 11. Ne4 Ng4 12. Ng3 Bd6 13. h3 Nf6 14. Nf5 Bxf5
15. Bxf5 g6 16. Bc2 Nh5 17. Bh6 Re8 18. Qg4 Qf6 19. Rfe1 Bf4 20. Bxf4 Nxf4 21.
Be4 h5 22. Qf3 Rab8 23. b3 Re5 24. Bd3 Rg5 25. Bf1 Rf5 26. Qe4 Ne6 27. f3 h4 28.
Rad1 c5 29. Qc6 Rg5 30. Kh1 Kg7 31. Re4 Rd8 32. Qb7 Nf4 33. Re7 d3 34. Rd7 Re8
35. Bxd3 Rxg2 36. Bf1 Rf2 37. Qc7 Qf5 38. Rxf7+ Qxf7 39. Qxc5 Rxf3 40. Qb5 Nxh3 0-1

[Event "24th ch-EUR Indiv w 2024"]
[Site "Rhodes GRE"]
[Date "2024.04.25"]
[Round "6.15"]
[White "Prado Acebo, Ines"]
[Black "Buksa, Nataliya"]
[Result "0-1"]
[WhiteTitle "WFM"]
[BlackTitle "IM"]
[WhiteElo "2229"]
[BlackElo "2394"]
[WhiteFideId "22251235"]
[BlackFideId "14123622"]
[EventDate "2024.04.19"]

1. d4 d5 2. c4 e6 3. Nf3 Nf6 4. g3 Be7 5. Bg2 O-O 6. O-O dxc4 7. Qc2 b5 8. a4 b4
9. Ne5 Qxd4 10. Bxa8 Qxe5 11. Bf4 Qh5 12. Bf3 Ng4 13. Bxg4 Qxg4 14. Qxc4 e5 15.
Qxc7 exf4 16. Qxe7 fxg3 17. Nd2 gxh2+ 18. Kh1 Qf4 19. e3 Qf5 20. Qe4 Qd7 21. Qd4
Qe7 22. f3 Bb7 23. Rad1 Nc6 24. Qf4 Ne5 25. Nb3 Ba6 26. Nd4 Bxf1 27. Nf5 Qe6 28.
Rxf1 Ng6 29. Qg4 Rd8 30. Rf2 Qe5 31. f4 Qe4+ 32. Kxh2 h5 33. Qh3 Rd1 34. Qf3
Qxf3 35. Rxf3 Rd2+ 36. Kg3 Rxb2 37. Nd4 Ra2 38. Rf1 Rxa4 39. Rc1 Ra3 40. Rc8+
Kh7 41. Kf3 a5 42. Rc5 h4 43. Rb5 h3 44. Nc6 Kh6 45. Kg4 Kh7 46. Rh5+ Kg8 47. f5
b3 48. fxg6 fxg6 49. Rxh3 b2 50. Rf3 Rxe3 51. Rf1 a4 52. Kg5 a3 53. Nb4 Rg3+ 0-1